[Event "SVK-ch U16"]
[Site "Tatralandia"]
[Date "2025.05.18"]
[Round "9"]
[White "Bersihand, Hugo Maria"]
[Black "Kollarik, Filip"]
[Result "1/2-1/2"]
[WhiteElo "1576"]
[BlackElo "1607"]
[PlyCount "79"]
[EventDate "2025.05.11"]
[EventType "swiss"]
[EventRounds "9"]
[EventCountry "SVK"]
[SourceTitle "CB21_2025"]
[SourceDate "2025.05.21"]
[SourceVersion "1"]
[SourceVersionDate "2025.05.21"]
[SourceQuality "1"]

1. e4 c6 2. Nf3 d5 3. Nc3 dxe4 4. Nxe4 Nf6 5. Nxf6+ exf6 6. d4 Bd6 7. Bd3 0-0 8. 0-0 Re8 9. h3 Nd7 10. c4 Nf8 11. c5 Bc7 12. b4 a6 13. a4 Bd7 14. a5 Ng6 15. Qb3 Qc8 16. Bc4 Nh8 17. d5 cxd5 18. Bxd5 Bb5 19. Rd1 Rb8 20. Be3 Re7 21. Nd4 Bd7 22. c6 bxc6 23. Nxc6 Bxc6 24. Bxc6 Bxa5 25. Rxa5 Qxc6 26. Bc5 Rd7 27. Rxd7 Qxd7 28. Rxa6 Ng6 29. Ra7 Qe6 30. Qg3 Qe8 31. Qc7 Ne5 32. Qd6 Nc6 33. Rc7 Ne5 34. Re7 Qd8 35. Qxd8+ Rxd8 36. b5 g6 37. b6 Nd7 38. Be3 Kf8 39. Re4 Rb8 40. Rb4 1/2-1/2

[Event "SVK-ch U16"]
[Site "Tatralandia"]
[Date "2025.05.13"]
[Round "4"]
[White "Papay, Aurel"]
[Black "Bersihand, Hugo Maria"]
[Result "1/2-1/2"]
[WhiteElo "1576"]
[BlackElo "1576"]
[PlyCount "140"]
[EventDate "2025.05.11"]
[EventType "swiss"]
[EventRounds "9"]
[EventCountry "SVK"]
[SourceTitle "CB21_2025"]
[SourceDate "2025.05.21"]
[SourceVersion "1"]
[SourceVersionDate "2025.05.21"]
[SourceQuality "1"]

1. e4 c6 2. d4 d5 3. exd5 cxd5 4. Bd3 Nc6 5. c3 Nf6 6. h3 e6 7. Nf3 h6 8. 0-0 Bd6 9. Re1 0-0 10. Nbd2 Qc7 11. c4 b6 12. cxd5 Nxd5 13. Nc4 Bb7 14. Nxd6 Qxd6 15. Be4 Rfd8 16. Ne5 Nf6 17. Nxc6 Bxc6 18. Bxc6 Qxc6 19. Be3 Nd5 20. Rc1 Qb5 21. b3 Qa5 22. a4 Nxe3 23. fxe3 Qd5 24. Qd3 e5 25. Red1 exd4 26. exd4 Rd7 27. Rc2 Rad8 28. Rcd2 g6 29. Qc4 Kg7 30. Qxd5 Rxd5 31. b4 f5 32. Kf2 Kf6 33. Kf3 Rc8 34. Ke3 Rc4 35. Rb2 a5 36. bxa5 bxa5 37. Ra2 g5 38. g4 f4+ 39. Ke4 Ke6 40. Ra3 Rc7 41. Kf3 Rcd7 42. Rad3 Kf6 43. Ke4 Kg6 44. Rc1 Kf6 45. Rc6+ Kg7 46. Rd1 Kh7 47. Rd2 Kg7 48. Rd3 Kh7 49. Rc5 R5d6 50. Rxa5 Re6+ 51. Re5 Ra6 52. a5 Rda7 53. Ra3 Kg6 54. Rc5 Rf7 55. d5 Rff6 56. Rb3 h5 57. Rb6 hxg4 58. hxg4 f3 59. Rxf6+ Rxf6 60. Rc1 f2 61. Rf1 Rf4+ 62. Ke3 Rxg4 63. Rxf2 Ra4 64. d6 Rxa5 65. Rd2 Ra8 66. d7 Rd8 67. Kf3 Kf7 68. Kg4 Ke7 69. Kxg5 Rxd7 70. Rxd7+ Kxd7 1/2-1/2

[Event "SVK-ch U16"]
[Site "Tatralandia"]
[Date "2025.05.11"]
[Round "1"]
[White "Bersihand, Hugo Maria"]
[Black "Sichnenko, Grigorij"]
[Result "0-1"]
[WhiteElo "1576"]
[BlackElo "1893"]
[PlyCount "26"]
[EventDate "2025.05.11"]
[EventType "swiss"]
[EventRounds "9"]
[EventCountry "SVK"]
[SourceTitle "CB21_2025"]
[SourceDate "2025.05.21"]
[SourceVersion "1"]
[SourceVersionDate "2025.05.21"]
[SourceQuality "1"]

1. e4 c5 2. c3 d5 3. e5 d4 4. cxd4 cxd4 5. Nf3 Nc6 6. Bb5 Bd7 7. Qa4 Qc7 8. Bxc6 Bxc6 9. Qxd4 Bxf3 10. 0-0 Bc6 11. Nc3 e6 12. b3 Ne7 13. Ba3 Nf5 0-1

[Event "SVK-chT3B2 2324"]
[Site "Slovakia"]
[Date "2023.11.19"]
[Round "4.7"]
[White "Poruban, Lubomir"]
[Black "Bersihand, Hugo Maria"]
[Result "1-0"]
[WhiteElo "1639"]
[BlackElo "1000"]
[PlyCount "43"]
[EventDate "2023.10.15"]
[EventType "team-tourn"]
[EventRounds "11"]
[EventCountry "SVK"]
[SourceTitle "EXT 2025"]
[Source "ChessBase"]
[SourceDate "2024.10.14"]
[SourceVersion "1"]
[SourceVersionDate "2024.10.14"]
[SourceQuality "1"]
[WhiteTeam "Nemsova Horne Srnie"]
[BlackTeam "Puchov Vcielka"]
[WhiteTeamCountry "SVK"]
[BlackTeamCountry "SVK"]

1. f4 Nf6 2. Nf3 d5 3. e3 Nc6 4. Bb5 Bd7 5. 0-0 a6 6. Bxc6 Bxc6 7. d3 e6 8. Qe1 Be7 9. Ne5 Bd6 10. Nd2 0-0 11. Ndf3 Bb5 12. a4 Be8 13. Qh4 Nd7 14. Qg3 Nxe5 15. fxe5 Bc5 16. d4 Bb6 17. b3 c5 18. Ba3 Rc8 19. Rac1 f6 20. Qg4 Bd7 21. exf6 e5 22. Qxg7# 1-0